00597 2200253 4500001002100000005001500021035002000036245007800056100002500134300001200159260003000171082000800201084001400209990001200223990001200235990001200247990001200259990001200271990001200283990001200295990001200307990001200319990001200331INLIS00000000000212720250527111923 a0010-05250004191 aMenjadi Perempuan Cerdik Dimata Laki - Laki Buaya /cWidodo Suryo Saputro0 aWidodo Suryo Saputro a148 hlm aBandung :bAngkasa,c2007 a100 a100 WID m a0713031 a0713032 a0713033 a0713034 a0713035 a0713036 a0713037 a0713038 a0713039 a0713040